The Brazil Quiz Stats

 Plays Quiz Updated Jan 1, 2019

Challenge
Share
Tweet
Embed
Score 0/50 Timer 07:00
6 Plays Today
Hint Answer % Correct
Flag ColorGreen
97%
Flag ColorYellow
96.9%
Internet Country Code.br
95.1%
Flag ColorBlue
92.7%
Flag ColorWhite
92.3%
Bordering CountryArgentina
91.2%
Capital CityBrasília
87.2%
Bordering CountryParaguay
86.8%
Bordering CountryUruguay
86.7%
Bordering CountryPeru
85.3%
Lowest Point (0 m)Atlantic Ocean
84%
Bordering OceanAtlantic Ocean
83.4%
Most Popular SportFootball (Soccer)
83.3%
Bordering CountryColombia
82.7%
Drives on the...Right
81.7%
Bordering CountryVenezuela
81.1%
Bordering CountryBolivia
80.7%
Official LanguagePortuguese
79.9%
Largest Religious DenominationRoman Catholic
79.6%
Nationality (Demonym)Brazilian
79.5%
Primary ContinentSouth America
79.4%
Second Largest CityRio de Janeiro
78.7%
Age of Suffrage16-Voluntary 18-Compulsory
77.5%
Longest RiverAmazon River
76.4%
Independence FromPortugal
76.1%
Hint Answer % Correct
Bordering CountrySuriname
75.4%
Bordering CountryGuyana
74.1%
Largest CitySão Paulo
69.5%
World Cup Host Year(s)1950 & 2014
63.7%
Olympic Host Year 2016
60.2%
Largest Art Deco Statue in the WorldChrist the Redeemer
58.9%
Bordering CountryFrance
55.7%
# of States26
49.9%
CurrencyBrazilian Real (BRL)
31.1%
Largest StadiumEstádio do Maracanã
26%
Third Largest CitySalvador
23%
PresidentJair Bolsonaro
22%
Official MottoOrdem e Progresso
21.8%
Largest Waterfall*Iguazu Falls
20%
Largest StateAmazonas
18.6%
Official NameFederative Republic of Brazil
17.8%
Patron Saint (Female)Our Lady of Aparecida
16.2%
Independence DaySeptember 7, 1822
12.6%
National AnthemBrazilian National Anthem
10.4%
Vice PresidentHamilton Mourão
10.4%
Smallest StateSergipe
9.6%
Highest Point (2,994 m)Pico da Neblina
7.2%
First PresidentDeodoro da Fonseca
7%
Largest IslandMarajó
5.6%
National BirdRufous-bellied Thrush
3.9%

You're not logged in!

Compare scores with friends on all Sporcle quizzes.
OR
Log In

You Might Also Like...

Show Comments

Extras

Top Quizzes Today


Score Distribution

Your Account Isn't Verified!

In order to create a playlist on Sporcle, you need to verify the email address you used during registration. Go to your Sporcle Settings to finish the process.

Report this User

Report this user for behavior that violates our Community Guidelines.

Details: